000 00587nam a2200205Ia 4500
005 20250505145658.0
008 008 250505s9999 xx 000 0 eng d
037 _aTextbook
040 _aFML
_beng
_cFML
041 _aeng
_2eng
084 _aNR44wN19 R3
_qFML
100 _aKumble, Atul Roasaheb
_9754182
245 0 _aABBAJI…The Multifaceted Genius ustad Alla Rakha
260 _aNew Delhi , India
_bKanishka Pub. Dist.
_c2023
300 _a79p
365 _aINR
_b400
650 _aMusic
942 _cTB
_hNR44wN19 R3
999 _c1311387
_d1311387